000
00208 a2200097 4500
001
62879
090
_c
37236
_d
37236
100
_a
Reddy,J.R
245
_a
Organisational Behaviour
260
_b
APH Publishing Corporation
942
_a
NUST-CAE
999
_c
297952
_d
297952